| 000 | 01390nam a22003494a 4500 | ||
|---|---|---|---|
| 001 | ebr10116482 | ||
| 003 | CaPaEBR | ||
| 006 | m u | ||
| 007 | cr cn||||||||| | ||
| 008 | 011204s2002 ne a sb 001 0 eng | ||
| 020 | _z1586030914 | ||
| 020 | _z4274904938 | ||
| 020 | _z9781586030919 | ||
| 040 |
_aCaPaEBR _cCaPaEBR |
||
| 035 | _a(OCoLC)53021851 | ||
| 050 | 1 | 4 |
_aR855.3 _b.F886 2002eb |
| 082 | 0 | 4 |
_a610/.28 _221 |
| 245 | 0 | 0 |
_aFuture of health technology _h[electronic resource] / _cedited by Renata G. Bushko. |
| 260 |
_aAmsterdam ; _aWashington, DC : _bIOS Press, _cc2002. |
||
| 300 |
_axiv, 285 p. : _bill. |
||
| 490 | 1 |
_aStudies in health technology and informatics, _x0926-9630 ; _vv. 80 |
|
| 504 | _aIncludes bibliographical references and index. | ||
| 533 |
_aElectronic reproduction. _bPalo Alto, Calif. : _cebrary, _d2013. _nAvailable via World Wide Web. _nAccess may be limited to ebrary affiliated libraries. |
||
| 650 | 0 | _aMedical technology. | |
| 650 | 0 |
_aMedical technology _xForecasting. |
|
| 650 | 0 |
_aMedical innovations _xForecasting. |
|
| 655 | 7 |
_aElectronic books. _2local |
|
| 700 | 1 | _aBushko, Renata Glowacka. | |
| 710 | 2 | _aebrary, Inc. | |
| 830 | 0 |
_aStudies in health technology and informatics ; _vv. 80. |
|
| 856 | 4 | 0 |
_uhttp://site.ebrary.com/lib/rucke/Doc?id=10116482 _zAn electronic book accessible through the World Wide Web; click to view |
| 999 |
_c208750 _d208750 |
||